| 000 | 00832nac a22002171u 4500 | ||
|---|---|---|---|
| 020 | _a0121391612 (pbk) : | ||
| 082 |
_a338.88 20 _bINT |
||
| 090 |
_c8481 _d8481 |
||
| 100 | _a20080729 | ||
| 245 |
_aThe Internationalization of the firm / _cedited by Peter J. Buckley and Pervez N. Ghauri. _bA Reader : |
||
| 260 |
_aLondon : _bAcademic Press,1993. _cc1993. |
||
| 300 |
_axxi,371p. : _bill. ; _c25cm. |
||
| 500 | _aDistributer: Al-Ahram | ||
| 504 | _aIncludes bibliographies and index. | ||
| 511 | _aCatalogued by: Sara | ||
| 650 | _aInternational business | ||
| 700 |
_aBuckley, Peter J., _d1949- |
||
| 700 |
_aGhauri, Pervez N., _d1948- |
||
| 942 |
_cBB _k338.88 20INT |
||
| 999 |
_c8481 _d8481 |
||